| 000 | 00339nam a2200121Ia 4500 | ||
|---|---|---|---|
| 008 | 240731s9999 xx 000 0 und d | ||
| 022 | _a1478-6427 | ||
| 245 | 0 | _aNatural Product Research : Formerly Natural Product Letters | |
| 260 | _bTaylor & Francis | ||
| 856 | _uhttps://www.tandfonline.com/loi/gnpl20 | ||
| 942 | _2ddc | ||
| 942 | _cTFEJ | ||
| 999 |
_c78673 _d78673 |
||
| 945 |
_a1 _bMadushi Gamage _c1 _dMadushi Gamage |
||